[Event "SVK-chT2A 1314"]
[Site "Slovakia"]
[Date "2014.01.11"]
[Round "5.5"]
[White "Petrik, Karol"]
[Black "Kalmar, Tamas"]
[Result "0-1"]
[WhiteElo "2107"]
[BlackElo "1974"]
[PlyCount "88"]
[EventDate "2013.10.19"]
[EventType "team-tourn"]
[EventRounds "11"]
[EventCountry "SVK"]
[SourceTitle "EXT 2015"]
[Source "ChessBase"]
[SourceDate "2014.11.20"]
[SourceVersion "1"]
[SourceVersionDate "2014.11.20"]
[SourceQuality "1"]
[WhiteTeam "Bratislava Doprastav III"]
[BlackTeam "Potonska Veza"]
[WhiteTeamCountry "SVK"]
[BlackTeamCountry "SVK"]

1. e4 c6 2. d4 d5 3. f3 g6 4. Nc3 Bg7 5. Be3 dxe4 6. fxe4 Nf6 7. Nf3 Ng4 8. Bg1 0-0 9. h3 Nf6 10. Qd2 Nbd7 11. 0-0-0 b5 12. e5 b4 13. exf6 bxc3 14. Qxc3 Nxf6 15. Qxc6 Be6 16. Qa4 Nd5 17. Kb1 Qb6 18. Qb5 Qd8 19. Bh2 Rc8 20. Bd3 a6 21. Qa4 Qb6 22. Ka1 Nb4 23. c3 Nxd3 24. Rxd3 Rc4 25. Qd1 Rfc8 26. Re1 Bf5 27. Rde3 Qa5 28. Qb3 Ra4 29. Rxe7 Rf8 30. g4 Bc2 31. Bc7 Bxb3 32. Bxa5 Rxa2+ 33. Kb1 Rxa5 34. Nd2 Be6 35. Kc2 Rc8 36. Kd3 h5 37. Rg1 hxg4 38. hxg4 Ra2 39. b4 Ra3 40. Nb1 Ra1 41. Ra7 Bxg4 42. Rxg4 Rxb1 43. Kc2 Rxb4 44. Rxa6 Bxd4 0-1

[Event "SVK-chT2A 1314"]
[Site "Slovakia"]
[Date "2013.11.23"]
[Round "3.4"]
[White "Sosovicka, Matej"]
[Black "Petrik, Karol"]
[Result "1-0"]
[WhiteElo "2098"]
[BlackElo "2107"]
[PlyCount "33"]
[EventDate "2013.10.19"]
[EventType "team-tourn"]
[EventRounds "11"]
[EventCountry "SVK"]
[SourceTitle "EXT 2015"]
[Source "ChessBase"]
[SourceDate "2014.11.20"]
[SourceVersion "1"]
[SourceVersionDate "2014.11.20"]
[SourceQuality "1"]
[WhiteTeam "Devinska Nova Ves II"]
[BlackTeam "Bratislava Doprastav III"]
[WhiteTeamCountry "SVK"]
[BlackTeamCountry "SVK"]

1. e4 d5 2. exd5 Qxd5 3. Nc3 Qd6 4. d4 a6 5. Nf3 Nf6 6. g3 Bg4 7. Bg2 Nc6 8. d5 Nb4 9. Bf4 Qd7 10. Qd2 Bxf3 11. Bxf3 Qf5 12. 0-0-0 g5 13. Bxc7 Qxf3 14. d6 Qc6 15. Rhe1 e6 16. Qxg5 Nd7 17. Rxe6+ 1-0

[Event "SVK-chT2A 1213"]
[Site "Slovakia"]
[Date "2012.12.16"]
[Round "6.4"]
[White "Petrik, Karol"]
[Black "Kimerling, Martin"]
[Result "1-0"]
[WhiteElo "2091"]
[BlackElo "2027"]
[PlyCount "95"]
[EventDate "2012.10.13"]
[EventType "team-tourn"]
[EventRounds "11"]
[EventCountry "SVK"]
[SourceTitle "EXT 2015"]
[Source "ChessBase"]
[SourceDate "2014.11.20"]
[SourceVersion "1"]
[SourceVersionDate "2014.11.20"]
[SourceQuality "1"]
[WhiteTeam "Bratislava Doprastav III"]
[BlackTeam "Bratislava KSN"]
[WhiteTeamCountry "SVK"]
[BlackTeamCountry "SVK"]

1. e4 c5 2. Ne2 d6 3. g3 g6 4. Bg2 Bg7 5. 0-0 Nc6 6. d3 e6 7. c3 Nge7 8. Be3 0-0 9. Qc2 a6 10. a4 Qc7 11. Nd2 f5 12. f3 Ne5 13. Kh1 Bd7 14. f4 Ng4 15. Bg1 Rad8 16. h3 Nf6 17. Nc4 Bc6 18. Ne3 fxe4 19. dxe4 d5 20. exd5 exd5 21. Kh2 Kh8 22. Ng4 Nxg4+ 23. hxg4 d4 24. cxd4 Bxg2 25. Kxg2 Qc6+ 26. Kh2 cxd4 27. Qd3 Qd7 28. Qf3 Nc6 29. f5 d3 30. Nc3 gxf5 31. gxf5 Rf6 32. Ne4 Rh6+ 33. Kg2 Ne5 34. Qe3 Ng4 35. Qf4 Nf6 36. Nc5 Qd5+ 37. Qf3 Rc8 38. Qxd5 Nxd5 39. Nxd3 Rc2+ 40. Kf3 Rhc6 41. Rf2 Kg8 42. Rxc2 Rxc2 43. Rd1 Rc4 44. Nc5 Nb4 45. Rd8+ Kf7 46. Rd7+ Kg8 47. Ne4 Bxb2 48. f6 1-0

[Event "SVK-chT2A 1112"]
[Site "Slovakia"]
[Date "2012.01.28"]
[Round "8.4"]
[White "Kavon, Rastislav"]
[Black "Petrik, Karol"]
[Result "1/2-1/2"]
[WhiteElo "1879"]
[BlackElo "2082"]
[PlyCount "153"]
[EventDate "2011.10.08"]
[EventType "team-tourn"]
[EventRounds "11"]
[EventCountry "SVK"]
[SourceTitle "EXT 2013"]
[Source "ChessBase"]
[SourceDate "2012.11.22"]
[SourceVersion "1"]
[SourceVersionDate "2012.11.22"]
[SourceQuality "1"]
[WhiteTeam "Trnava Modranka"]
[BlackTeam "Bratislava Doprastav III"]
[WhiteTeamCountry "SVK"]
[BlackTeamCountry "SVK"]

1. e4 d5 2. exd5 Qxd5 3. Nc3 Qd6 4. Nf3 a6 5. d3 Nf6 6. Be3 Bg4 7. Be2 Nc6 8. Qd2 e5 9. 0-0-0 Be7 10. h3 Bxf3 11. Bxf3 0-0-0 12. g4 Nd4 13. Bg2 h6 14. f4 exf4 15. Bxf4 Qb4 16. Rhe1 Rhe8 17. Qf2 Bd6 18. Bd2 Be5 19. a3 Qd6 20. Re3 Bf4 21. Rxe8 Bxd2+ 22. Qxd2 Rxe8 23. Rf1 Qc5 24. Kb1 Qg5 25. Qf2 Qe3 26. Ne4 Qxf2 27. Rxf2 Nxe4 28. Bxe4 f6 29. Kc1 c6 30. Kd2 Kc7 31. h4 Re5 32. Ke3 c5 33. c3 Nb5 34. Rf5 Nd6 35. Rxe5 fxe5 36. Bd5 b6 37. Be6 Kd8 38. Bd5 Ke7 39. Bf3 Ke6 40. Be4 a5 41. Kf3 g5 42. hxg5 hxg5 43. Ke3 Ne8 44. Bf5+ Kd6 45. c4 Nf6 46. a4 Ke7 47. Kf3 Ke8 48. Ke3 Kd8 49. Kf3 Kc7 50. Ke3 Kd6 51. Kf3 e4+ 52. dxe4 Ke5 53. Ke3 Ne8 54. b3 Nf6 55. Kf3 Kd4 56. e5 Kxe5 57. Ke3 Ne8 58. Bd7 Nd6 59. Bc6 Nc8 60. Bd7 Ne7 61. Be8 Ng8 62. Bd7 Kd6 63. Bf5 Ke5 64. Bd7 Nh6 65. Bc8 Nf7 66. Bb7 Kf6 67. Ke4 Nd6+ 68. Kd5 Nxb7 69. Kc6 Nd8+ 70. Kxb6 Ne6 71. Kxa5 Nd4 72. Kb6 Nxb3 73. a5 Nxa5 74. Kxa5 Ke5 75. Kb6 Kf4 76. Kxc5 Kxg4 77. Kd5 1/2-1/2

[Event "SVK-chT2A 1112"]
[Site "Slovakia"]
[Date "2011.12.04"]
[Round "6.3"]
[White "Petrik, Karol"]
[Black "Kimerling, Martin"]
[Result "0-1"]
[WhiteElo "2082"]
[BlackElo "2015"]
[PlyCount "124"]
[EventDate "2011.10.08"]
[EventType "team-tourn"]
[EventRounds "11"]
[EventCountry "SVK"]
[SourceTitle "EXT 2013"]
[Source "ChessBase"]
[SourceDate "2012.11.22"]
[SourceVersion "1"]
[SourceVersionDate "2012.11.22"]
[SourceQuality "1"]
[WhiteTeam "Bratislava Doprastav III"]
[BlackTeam "Bratislava KSN"]
[WhiteTeamCountry "SVK"]
[BlackTeamCountry "SVK"]

1. e4 d6 2. d4 Nf6 3. Nc3 g6 4. Nge2 Bg7 5. g3 0-0 6. Bg2 e5 7. 0-0 c6 8. h3 b5 9. Be3 Bb7 10. dxe5 dxe5 11. a4 a6 12. axb5 axb5 13. Rxa8 Bxa8 14. Qa1 Nbd7 15. Qa7 Qb8 16. g4 h6 17. Rd1 Bb7 18. Qxb8 Rxb8 19. Nc1 Ra8 20. Nd3 Bf8 21. b4 Ra3 22. Ne2 Ra2 23. Rc1 Ne8 24. f4 f6 25. fxe5 fxe5 26. Bf2 Nd6 27. Nc5 Nxc5 28. bxc5 Nc4 29. Nc3 Ra3 30. Nd1 Be7 31. c3 Bg5 32. Rc2 Ra1 33. Bf3 Nd2 34. Be2 Nxe4 35. Kg2 Be7 36. Be3 g5 37. c4 b4 38. Rb2 Ra4 39. Bf3 Nxc5 40. Rd2 e4 41. Be2 Ba6 42. Nf2 b3 43. Bxc5 Bxc5 44. Rd8+ Kf7 45. Nxe4 b2 46. Rd7+ Be7 47. Bd3 Rb4 48. Ra7 Bxc4 49. Nd6+ Kf6 50. Nxc4 Rxc4 51. Rb7 Rc3 52. Bf5 Ba3 53. Rh7 Ke5 54. Rxh6 Rc1 55. Re6+ Kd5 56. Re3 Bc5 57. Rb3 Bd4 58. Rb8 c5 59. Rd8+ Kc4 60. Kf3 b1Q 61. Bxb1 Rxb1 62. Ke4 Rf1 0-1

[Event "SVK-chT2A 10/11"]
[Site "Slovakia"]
[Date "2011.03.27"]
[Round "11.3"]
[White "Rachela, Jozef"]
[Black "Petrik, Karol"]
[Result "1-0"]
[WhiteElo "2072"]
[BlackElo "2075"]
[PlyCount "75"]
[EventDate "2010.10.23"]
[EventType "team-tourn"]
[EventRounds "11"]
[EventCountry "SVK"]
[SourceTitle "EXT 2019"]
[Source "ChessBase"]
[SourceDate "2018.10.10"]
[SourceVersion "1"]
[SourceVersionDate "2018.10.10"]
[SourceQuality "1"]
[WhiteTeam "Dunajska Streda SK II"]
[BlackTeam "Bratislava Doprastav III"]
[WhiteTeamCountry "SVK"]
[BlackTeamCountry "SVK"]

1. e4 d5 2. exd5 Qxd5 3. Nc3 Qd6 4. g3 Nc6 5. Bg2 Nf6 6. Nge2 a6 7. d3 e5 8. h3 Be7 9. Be3 0-0 10. 0-0 Be6 11. Qd2 Nd4 12. f4 Nxe2+ 13. Qxe2 exf4 14. Rxf4 Qd7 15. g4 c6 16. Raf1 Nd5 17. Nxd5 cxd5 18. Bd4 Rfe8 19. R4f3 Rac8 20. Qf2 Bd6 21. c3 b5 22. h4 b4 23. g5 bxc3 24. bxc3 Qe7 25. Bh3 Rf8 26. Bf5 Qc7 27. h5 Qe7 28. Qe2 Qd7 29. h6 Bxf5 30. Rxf5 g6 31. R5f2 Rfe8 32. Qf3 Be5 33. Bxe5 Rxe5 34. Qf6 Rxg5+ 35. Qxg5 f5 36. Re1 a5 37. c4 Qc7 38. Rfe2 1-0